Сборник в чест и в памет на Луи Леже. (Запис номер 342589)
[ съкратено ]
| 000 -Лидер | |
|---|---|
| Контролно поле с фиксирана дължина | 01220nam a2200313 c 4500 |
| 003 - Код на организацията, давaща контролен номер | |
| Контролно поле | BLK |
| 005 - Дата и час на последна редакция | |
| Контролно поле | 20221026100417.0 |
| 008 - Елементи от данни с фиксирана дължина | |
| fixed length control field | 180911b bul|||||r ||||||| ||bul|| |
| 010 ## - Наследен системен номер | |
| LC control number | 002239 |
| 040 ## - Източник на каталожния запис | |
| Идентификатор на билиотеката - собственик на записа | BLK |
| 041 ## - Код за език | |
| Код за езика на текст/звукозапис или на отделно заглавие | Български |
| Код за езика КДБФ | Български |
| 080 ## - УДК | |
| Текстов определител УДК | Френски славист. Почетен член на Българското книжовно дружество(1843-1923) |
| УДК определител | 92 |
| УДК - код + определител | 929 Леже, Луи |
| УДК код - определител по УДК | 929 Леже, Луи |
| 080 ## - УДК | |
| Текстов определител УДК | Авторство. Литературна дейност и техника. Вкл. Творческо писане. Писане за публикуване. Вж и (0.032); -028.5; 001.81; 002; 070.4; 987.6; 347.78; 655.51; 808.2; 82 |
| УДК определител | (44)(092) |
| УДК - код + определител | 808.1(44)(092) |
| УДК код - определител по УДК | 808.1 |
| 139 ## - Редно поле | |
| Редна дума | Сборник в чест и в памет на Луи Леже 1843-1923 |
| 245 10 - Сведения за заглавието | |
| Заглавие | Сборник в чест и в памет на Луи Леже. |
| Подзаглавни данни | 1843 - 1923 |
| Редно поле (дума) | под ред. на Б. Цонев и др |
| 260 ## - Област на издателските данни | |
| Място на издаване, разпространение и проч. | София |
| Име на издателя, разпространителя и проч. | Държ. печ. |
| Година на издаване | 1925 |
| Печатница | (София : Държ. печ.) |
| 300 ## - Физическа характеристика | |
| Страници | 1, 338 с. : с ил., 1 л |
| Илюстрации и др. | портр., 3 л. : ил. |
| Размери/Мащаб | 27 см |
| 380 ## - Жанр | |
| Жанр | История |
| 490 ## - СЕРИИ (Колекции) | |
| Име на серия | Частна колекция - Академик Михаил Арнаудов |
| Бележки за серията | Дарение - Основен фонд |
| 500 ## - Общи забележки | |
| Забележка | Автограф с текст: На Господин Проф. М. Арнаудов. Почит от Редакционния Комитет София 10. IХ. 925. - Михаил Арнаудов: подпис |
| 600 #0 - Име на лице, използвано като предмет | |
| 9 (RLIN) | 459542 |
| За него / За нея | Леже, Луи |
| 650 ## - Допълнително описание по предмет – тема | |
| Основно описание – тема или топоним | Биографии |
| 9 (RLIN) | 148657 |
| 655 ## - Ключова дума – жанр/разновидност | |
| Данни за жанр/разновидност или ключова дума за фокус | Езикознание |
| 700 ## - Други автори (авторска отговорност) | |
| Лично име | Б. Цонев |
| Автороска отговорност (Описва отношението между автора и произведението) | под ред. на |
| 9 (RLIN) | 871 |
| 700 1# - Други автори (авторска отговорност) | |
| Лично име | Д. Мишев |
| 9 (RLIN) | 399426 |
| 700 1# - Други автори (авторска отговорност) | |
| Лично име | А. Д. Дзивгов |
| 9 (RLIN) | 399427 |
| 852 ## - Местоположение | |
| Форматна сигнатура | МА 2988 |
| Фондова буква | Фонд "Михаил Арнаудов" |
| 852 ## - Местоположение | |
| Форматна сигнатура | Цб 9.265.997 |
| Фондова буква | Основен фонд - ползва се само за читалня |
| 852 ## - Местоположение | |
| Форматна сигнатура | Цб 83802 |
| Фондова буква | Основен фонд - ползва се само за читалня |
| 856 ## - Електронен адрес и достъп | |
| Инструкция (цена за достъп) | 0.00 |
| Права за достъп | disable |
| 999 ## - СИСТЕМНИ КОНТРОЛНИ НОМЕРА | |
| Koha biblionumber | 342589 |
| Koha biblioitemnumber | 342589 |
| 942 ## - АРТИКУЛИ | |
| Вид на библиотечния материал | Книги |
| Скрит в OPAC | Не |
| Периодичен библиозапис | Да |
| 944 ## - СЪЗДАВАНЕ И РЕДАКЦИЯ на ЗАПИСА | |
| Създаване/Редакция | Създаване |
| Дата на регистрацията/редакция | 1994 |
| 999 ## - СИСТЕМНИ КОНТРОЛНИ НОМЕРА | |
| Koha biblioitemnumber | 342589 |
| 999 ## - СИСТЕМНИ КОНТРОЛНИ НОМЕРА | |
| Koha biblioitemnumber | 342589 |
| 999 ## - СИСТЕМНИ КОНТРОЛНИ НОМЕРА | |
| Koha biblioitemnumber | 342589 |
| 999 ## - СИСТЕМНИ КОНТРОЛНИ НОМЕРА | |
| Koha biblioitemnumber | 342589 |
| 999 ## - СИСТЕМНИ КОНТРОЛНИ НОМЕРА | |
| Koha biblioitemnumber | 342589 |
| 999 ## - СИСТЕМНИ КОНТРОЛНИ НОМЕРА | |
| Koha biblioitemnumber | 342589 |
| Код за отписване | Код за изгубен артикул | Източник на класификационната схема | Код за повреда | Коз за рестрикции | Код за отдаване | Артикулен № | Име на библиотеката - собственик | Име на библиотеката, в която се намира в момента | Статус (Текущо местоположение) | Местоположение - отдел | Цена в лева | Номерация (Хронология) | Инвентарен номер | Систематично азбучна сигнатура | Баркод | Номер на екземпляра | Цена в евро | Служебен тип на артикула | Дата на вписване в системата |
|---|---|---|---|---|---|---|---|---|---|---|---|---|---|---|---|---|---|---|---|
| Не е изгубен | Universal Decimal Classification | Не е повреден | само за читалня | Специални фондове ( старопечатни, редки и ценни, фонд М. Арнаудов) | 742658 | Регионална библиотека "Любен Каравелов" Русе | Регионална библиотека "Любен Каравелов" Русе | Фонд "Михаил Арнаудов" | Фонд "Михаил Арнаудов" | 150.00 | Автограф: Редакционен комитет | 589460 | МА 2988 | 120000589460 | 1 | 76.69 | Книги | ||
| Не е изгубен | Universal Decimal Classification | Не е повреден | само за читалня | ползва се в читалня | 855004 | Регионална библиотека "Любен Каравелов" Русе | Регионална библиотека "Любен Каравелов" Русе | Хранилище | Основен фонд - ползва се само за читалня | 0.26 | 16997 | Цб 9.265.16997 | 900000079216 | 0.13 | Книги | 2021-09-24 | |||
| Не е изгубен | Universal Decimal Classification | Не е повреден | само за читалня | ползва се в читалня | 909238 | Регионална библиотека "Любен Каравелов" Русе | Регионална библиотека "Любен Каравелов" Русе | Хранилище | Основен фонд - ползва се само за читалня | 0.00 | 453857 | Цб 83802 | 120000453857 | 0.00 | Книги | 2022-10-27 |